| 000 -LEADER |
| fixed length control field |
00665nam a2200193 a 4500 |
| 020 ## - INTERNATIONAL STANDARD BOOK NUMBER |
| ISBN |
0827312938 |
| 082 00 - DEWEY DECIMAL CLASSIFICATION NUMBER |
| Classification number |
604.2 |
| Item number |
R848 1980 |
| 100 1# - MAIN ENTRY--AUTHOR NAME |
| Personal name |
Rotmans, Elmer A., author. |
| 245 10 - TITLE STATEMENT |
| Title |
Basic drafting technology /Rotmans, Horton, Good. |
| 260 ## - PUBLICATION, DISTRIBUTION, ETC. (IMPRINT) |
| Place of publication |
Albany, New York : |
| Name of publisher |
Delman Publishers, |
| Year of publication |
c1980. |
| 300 ## - PHYSICAL DESCRIPTION |
| Number of Pages |
v, 458 pages : |
| Other physical details |
illustrations ; 23 cm. |
| 500 ## - GENERAL NOTE |
| General note |
Revision of: Drafting technology / Elmer A. Rotmans, Homer L. Horton. 1967. |
| 500 ## - GENERAL NOTE |
| General note |
Includes bibliographical references index. |
| 650 #0 - SUBJECT ADDED ENTRY--TOPICAL TERM |
| Topical Term |
Mechanical drawing. |
| 650 #0 - SUBJECT ADDED ENTRY--TOPICAL TERM |
| Topical Term |
Drafting – Handbooks, manuals, etc. |
| 700 1# - ADDED ENTRY--PERSONAL NAME |
| Personal name |
Horton, Homer L. |
| 700 0# - ADDED ENTRY--PERSONAL NAME |
| Personal name |
Horton,Good. |
| 942 ## - ADDED ENTRY ELEMENTS (KOHA) |
| Koha item type |
Books |